00317nam a2200121Ia 45000030006000000080041000060400015000471000026000622450069000882600009001575460012001660050017001780STCL150530s9999 xx 000 0 und d aSTCLcSTCL aCrane; Gibson; Editor aStephen Crane red badge of courage and selected prose and poetry c1963 aEnglish20220125171338.0